Transforming natural resources for human development : a resource systems framework for development policy (Record no. 27564)

MARC details
000 -LEADER
fixed length control field 00727 a2200265 4500
020 ## - NUMERO INTERNATIONAL NORMALISE DES LIVRES
International Standard Book Number 92-808-0469-3
100 ## - VEDETTE PRINCIPALE - NOM DE PERSONNE
Personal name RUDDLE, Kenneth
130 ## - VEDETTE PRINCIPALE - TITRE UNIFORME
Language of a work En
260 ## - PUBLICATION, DISTRIBUTION, ETC. (IMPRINT)
Place of publication, distribution, etc USA
260 ## - PUBLICATION, DISTRIBUTION, ETC. (IMPRINT)
Name of publisher, distributor, etc The United Nations University
245 ## - TITLE STATEMENT
Title Transforming natural resources for human development : a resource systems framework for development policy
260 ## - PUBLICATION, DISTRIBUTION, ETC. (IMPRINT)
Date of publication, distribution, etc 1983
300 ## - PHYSICAL DESCRIPTION
Extent VIII-87p.
300 ## - PHYSICAL DESCRIPTION
Other physical details fig.
440 ## - SERIES STATEMENT/ADDED ENTRY--TITLE
Number of part/section of a work 1
440 ## - SERIES STATEMENT/ADDED ENTRY--TITLE
Title Resource Systems Theory and Methodology
650 ## - SUBJECT ADDED ENTRY--TOPICAL TERM
Topical term or geographic name as entry element RESSOURCE NATURELLE
650 ## - SUBJECT ADDED ENTRY--TOPICAL TERM
Topical term or geographic name as entry element POLITIQUE DE DEVELOPPEMENT
690 ## - LOCAL SUBJECT ADDED ENTRY--TOPICAL TERM (OCLC, RLIN)
Topical term or geographic name as entry element NATURAL RESOURCES
690 ## - LOCAL SUBJECT ADDED ENTRY--TOPICAL TERM (OCLC, RLIN)
Topical term or geographic name as entry element HUMAN DEVELOPMENT
690 ## - LOCAL SUBJECT ADDED ENTRY--TOPICAL TERM (OCLC, RLIN)
Topical term or geographic name as entry element DEVELOPMENT POLICY
700 1# - ADDED ENTRY--PERSONAL NAME
Personal name RONDINELLI, A. Dennis
Holdings
Withdrawn status Lost status Damaged status Not for loan Location (home branch) Sublocation or collection (holding branch) Date acquired Koha issues (times borrowed) Koha full call number Koha date last seen Copy number Price effective from Koha item type Public note
        Bibliothèque-Centre de Documentation de la Faculté des Sciences Agronomiques Bibliothèque-Centre de Documentation de la Faculté des Sciences Agronomiques     AGE.1983.001 28/02/2009 1 28/02/2009 Livre A.7082


© 2008, Bibliothèques de l'Université d'Abomey-Calavi

04 BP 789 Cotonou, Tél. : +229 21 36 01 01, Fax : +229 21 35 06 32

Courriel : bu@bu.uac.bj